<?xml version="1.0" encoding="UTF-8"?>
<collection xmlns="http://www.loc.gov/MARC21/slim">
  <record>
    <leader>00000nam  2200000   4500</leader>
    <controlfield tag="001">NUTBA000000000004679</controlfield>
    <controlfield tag="005">20201005090927</controlfield>
    <datafield tag="035" ind1="#" ind2="#">
      <subfield code="a">0010-091400000000712</subfield>
    </datafield>
    <controlfield tag="008">201005###########################0######</controlfield>
    <datafield tag="020" ind1="#" ind2="#">
      <subfield code="a">978-6029413-48-9</subfield>
    </datafield>
    <datafield tag="082" ind1="#" ind2="#">
      <subfield code="a">301</subfield>
    </datafield>
    <datafield tag="100" ind1="#" ind2="#">
      <subfield code="a">rulli nasrullah</subfield>
    </datafield>
    <datafield tag="245" ind1="1" ind2="#">
      <subfield code="a">komunikasi antar budaya di era budaya siber /</subfield>
      <subfield code="c">Rulli Nasrullah</subfield>
    </datafield>
    <datafield tag="250" ind1="#" ind2="#">
      <subfield code="a">cet.1</subfield>
    </datafield>
    <datafield tag="260" ind1="#" ind2="#">
      <subfield code="a">jakarta :</subfield>
      <subfield code="b">kencana,</subfield>
      <subfield code="c">2012</subfield>
    </datafield>
    <datafield tag="300" ind1="#" ind2="#">
      <subfield code="a">xii, 198 hlm ;</subfield>
      <subfield code="c">21 cm</subfield>
    </datafield>
    <datafield tag="850" ind1="#" ind2="#">
      <subfield code="a">NBPNMAT</subfield>
    </datafield>
    <datafield tag="084" ind1="#" ind2="#">
      <subfield code="a">301 Rul k3</subfield>
    </datafield>
    <datafield tag="990" ind1="#" ind2="#">
      <subfield code="a">21303516</subfield>
    </datafield>
  </record>
</collection>
